000 00860nam a2200265Ia 4500
003 OSt
005 20220928123946.0
006 a|||||r|||| 00| 0
007 ta
008 220927b |||||||| |||| 00| 0 eng d
020 _cUKP 110.00
024 _a136798
037 _b12, 21/09/2017, Kiran Book Service
_cTextual
040 _aSDCL
_cSDCL
_beng
041 _2eng
_aeng
082 _aY15.2'P, Q4
100 _aArmstrong Elisabeth
_9447044
245 0 _aGender and Neoliberalism
_b The all India democratic Women's association and globalization politics
260 _aNew York
_b Routledge
_c2014
300 _axv,275p.
_ccm.
490 _aRoutledge research in gender and society
650 _aHistory
942 _hY15.2'P, Q4
_cTEXL
_2CC
999 _c775592
_d775592